Statistics for Geography starting with E

Click here to take the quiz!

General Stats

  • This quiz has been taken 39 times
  • The average score is 6 of 10

Answer Stats

LettersClueAnswer% Correct
9Scottish capitalEdinburgh
100%
5Cleopatras countryEgypt
97%
4Italian volcanoEtna
95%
7Baltic nationEstonia
95%
10Most denseley populated Central American countryEl Salvador
95%
8Most populated landlocked countryEthiopia
74%
6Europes highest mountainElbrus
55%
11Coastal island part of the Discovery IslandsEast Thurlow/East Redonda
0%
12Popularly called Chicken Charlies islandEighteenmile
0%
13Largest island in VanuatuEspiritu Santo
0%

Score Distribution

Percentile by Number Answered

Percent of People with Each Score

Your Score History

You have not taken this quiz